| 000 | 01499nam a2200289 4500 | ||
|---|---|---|---|
| 001 | 262 | ||
| 003 | OSt | ||
| 005 | 20250327122449.0 | ||
| 008 | 250224b |||||||e |||| 00| 1 eng d | ||
| 020 | _a9788573533491 | ||
| 040 | _bpor | ||
| 041 | _hpor | ||
| 082 |
_a133.93 _bM332n |
||
| 100 |
_aMaria do Rosário, Irmã (espírito) _9483 |
||
| 245 |
_aNa cura da alma / _cMaria do Rosário, Irmã (espírito) ; Psicografado por Cominatto, Lúcia (médium) |
||
| 260 |
_aCapivari _bEME _c2014 |
||
| 300 | _a208 p. | ||
| 520 | _aEm Na cura da Alma, o Espírito Irmã Maria do Rosário, através da médium Lúcia Cominatto, nos presenteia com mensagens que enchem nossos corações de fé, amor, coragem, paz e esperança. Envoltos pelos problemas da vida cotidiana, muitas vezes não vemos saída para as situações em que nos encontramos. Desesperados, esquecemos de elevar o pensamento a Deus e confiar em Seus desígnios. É a esses momentos que mais se aplica a presente obra, feita para estar sempre à mão. Cada novo texto serve para lembrar-nos de que, não importa o que nos aconteça, devemos ter sempre a certeza de que o Pai nunca desampara Seus filhos, nem mesmo o mais pequenino deles. | ||
| 650 | 0 |
_aLiteratura Brasileira _9205 |
|
| 650 | 0 |
_aPsicografias _9485 |
|
| 650 | 0 |
_aEstudos Espíritas _9165 |
|
| 650 | 0 |
_aAuto Conhecimento _919 |
|
| 650 | 0 |
_aMediunidade _9166 |
|
| 655 | 0 |
_aRomance _923 |
|
| 700 | 1 |
_aCominatto, Lúcia. _d1929-2017 _e(médium) _9484 |
|
| 942 |
_2ddc _n0 _cBK |
||
| 999 |
_c262 _d262 |
||